Statistics for What US State Flag is this? Part 2

Click here to take the quiz!

General Stats

  • This quiz has been taken 17 times
  • The average score is 4 of 8

Answer Stats

Answer% Correct
Colorado
85%
North Carolina
77%
Alaska
62%
Arizona
54%
Puerto Rico
54%
Mississippi
38%
South Dakota
38%
Massachusetts
23%

Score Distribution

Percentile by Number Answered

Percent of People with Each Score

Your Score History

You have not taken this quiz